000 00345nam a2200157Ia 4500
005 20250425161247.0
008 250425s9999 xx 000 0 und d
041 _aspa
082 _a332.1
245 0 _aINVESTIGACIONES ECONOMICAS
250 _aS.E.
260 _aS.L.
260 _aSin Pais
_bESPOL
_c1985
942 _c01
010 _a16346
999 _c205642
_d205642